| 000 | 00365nam a22001457a 4500 | ||
|---|---|---|---|
| 020 | _qHB. | ||
| 040 | _cFIZZA ISHAQ | ||
| 082 |
_a512.9 _bROB |
||
| 100 |
_aBLITZER,ROBERT. _9131686 |
||
| 245 |
_aCOLLEGE ALGEBRA / _cROBERT BLITZER. |
||
| 250 | _a3RD ED. | ||
| 260 |
_aNEW YORK; _bPEARSON PRENTICE HALL, _c2004. |
||
| 300 |
_a712 P. ; _c10.5X8.6IN |
||
| 942 |
_2ddc _cBK |
||
| 999 |
_c615427 _d615427 |
||